Dr. Sebeők kitüntetése
Správa o tom, že kráľ vyznamenal košického vojenského lekára Antona Sebeőka za jeho dosiahnuté výsledky v zdravotníctve rytierskym krížom Františka Jozefa
| Médium: | Článok |
|---|---|
| Jazyk: | Slovak Hungarian |
| Témy: | |
| Zdroj: |
1. Kassai Hirlap 1. Roč. 2, č. 16 (21.07.1905), s. 3 |
| LEADER | 01420nab#a2200385#ar4500 | ||
|---|---|---|---|
| 001 | 000103721 | ||
| 003 | SVKKK | ||
| 005 | 20110126104820.0 | ||
| 008 | 110121d1905 xo |||||||||||||||b|slo | ||
| FMT | |||
| 038 | |a SVKKK | ||
| 040 | |a SVKKK |b slo |e AACR2 | ||
| 041 | 0 | |a hun | |
| 044 | |a xo |c SK | ||
| 080 | |a 614.255:355.134 |2 1997 | ||
| 080 | |a 355.134 |2 1997 | ||
| 080 | |a 929 Sebeők, Anton |2 1997 | ||
| 242 | 1 | 0 | |a Vyznamenanie Dr. Antona Sebeőka |y slo |
| 245 | 1 | 4 | |a Dr. Sebeők kitüntetése |
| 500 | |a Dohľadanie | ||
| 500 | |a Dohľadanie viď.: Kassa Orvosi Története/ Béla Molnár.- Kassa, 1944.+ vlastné bádanie (Ba) | ||
| 520 | 2 | |a Správa o tom, že kráľ vyznamenal košického vojenského lekára Antona Sebeőka za jeho dosiahnuté výsledky v zdravotníctve rytierskym krížom Františka Jozefa | |
| 600 | 1 | 4 | |a Sebeők, Anton |d 1846-1911 |x lekár vojenský, štábny hlavný lekár |z Sátoraljaújhely (Slovensko/Maďarsko) |x rodák |z Nitra, Košice (Slovensko) |x pôsobenie |
| 650 | 0 | 4 | |a vyznamenanie kráľovské |x Rytiersky kríž rádu Františka Jozefa |x udelenie |z Košice (Slovensko) |y júl 1905 |
| 655 | 4 | |a hungariká | |
| 773 | 0 | |t Kassai Hirlap |g Roč. 2, č. 16 (21.07.1905), s. 3 | |
| 957 | |a Košice | ||
| 958 | |a ZS | ||
| 958 | |a DG | ||
| 958 | |a HU | ||
| 992 | |a RBX | ||
| 997 | |a Sebeők, Antal p. Sebeők, Anton |d Kassa p. Košice | ||
| BAS | |||
| 852 | |a SVKKK |b BIB | ||
| 998 | |a RETRO | ||